• 首页
  • 本馆介绍
  • 公告通知
  • 最新文献
  • 馆藏检索
  • 电子资源
  • 读者导购
  • 参考咨询
  • 我的图书馆
  • 登录
  • 详细信息显示
  • 放入我的书架
  • 预约/预借图书
  • 作者相关作品
  • 分类相关作品
  • 丛书相关作品
  • 出版社相关作品

书目信息

  • 表格格式
  • 工作单格式
  • 卡片格式
题名:
今日说法
    
 
作者: 尹力 主编 ;中央电视台今日说法栏目组 编
分册: 2001  
出版信息: 北京   中国人民公安大学出版社  2001
页数: 244页
开本: 20cm
丛书名:
单 册:
中图分类: D920.5 , I235.2
科图分类:
主题词: 案例 , 解说词 , 电视节目 , 案例--分析--中国--现代 , 电视节目--解说词--中国--现代--选集
电子资源:
ISBN: 978-7-81059-722-7
000 00970nam0 2200289 450
001 1254449077
005 20121003150815.09
010    @a978-7-81059-722-7@dCNY12.80
100    @a20090402d2001 em y0chiy50 ea
101 0  @achi
102    @aCN@b110000
105    @aa z 000yd
200 1  @a今日说法@AJin Ri Shuo Fa@h2001@h2@f尹力主编@g中央电视台《今日说法》栏目组编
210    @a北京@c中国人民公安大学出版社@d2001
215    @a244页@c照片@d20cm
330    @a本书再现了《今日说法》电视节目的解说和案例。其中包括:《我的学费谁来付》、《股市惊魂》、《中文告示纠纷案》等。
606 0  @a案例
606 0  @a解说词
606 0  @a电视节目
606 0  @a案例@x分析@y中国@z现代
606 0  @a电视节目@x解说词@y中国@z现代@j选集
690    @aD920.5@v4
690    @aI235.2@v4
701  0 @a尹力@AYin Li@4主编
712 02 @a中央电视台今日说法栏目组@AZhong Yang Dian Shi Tai Jin Ri Shuo Fa Lan Mu Zu@4编
801  0 @aCN@bNLC@c20101222
905    @a10447@dD920.5@eJY52:2
    
    今日说法.2001.2/尹力主编/中央电视台《今日说法》栏目组编.-北京:中国人民公安大学出版社,2001
    244页:照片;20cm
    
    
    ISBN 978-7-81059-722-7:CNY12.80
    本书再现了《今日说法》电视节目的解说和案例。其中包括:《我的学费谁来付》、《股市惊魂》、《中文告示纠纷案》等。
●
相关链接 在E读中查询图书 在五车中查询图书 在当当中查询图书 在豆瓣中查询图书


正题名:今日说法     索取号:D920.5/JY52:2         预约/预借

序号 登录号 条形码 馆藏地/架位号 状态 备注
1 7812843   278128438   学院路分馆/ [索取号:D920.5/JY52:2] 在馆    
2 7812844   278128447   学院路分馆/ [索取号:D920.5/JY52:2] 在馆    
唐山师范学院图书馆 欢迎您!
大连网信软件有限公司© 版权所有